| 000 | 01098nam a2200277 a 4500 | ||
|---|---|---|---|
| 001 | 000041672 | ||
| 005 | 20201002035711.0 | ||
| 008 | 131015s1999 sp 000 0 spa d | ||
| 020 | _a8481643335 | ||
| 040 |
_aDO-SdBNP _bspa _cBNPHU |
||
| 082 |
_a401 _bF488L |
||
| 245 | 0 | 0 | _aFilosofía del lenguaje /. |
| 260 |
_aMadrid : _bConsejo Superior de Investigaciones Científicas, _c1999. |
||
| 300 |
_a2v. ; _c24 cm. |
||
| 490 | 1 |
_aEnciclopedia Iberoaméricana de Filosofía _v16, 18 |
|
| 500 | _aLa biblioteca posee v.2 | ||
| 505 | 0 |
_gv.1. _tSemántica / _redición Marcelo Dascal _gv.2. _tPragmática/ _redición Juan José Acero |
|
| 504 | _aIncluye referencias bibliográficas y notas al pie de las páginas | ||
| 504 | _aIncluye bibliografía al final de los capítulos | ||
| 650 | 4 |
_aLenguaje y lenguas _xFilosofía _927877 |
|
| 700 | 1 | 2 |
_aDascal, Marcelo _eed. _968469 |
| 700 | 1 | 2 |
_aAcero, Juan José. _968470 |
| 710 | 2 |
_aConsejo Superior de Investigaciones Científicas _94786 |
|
| 830 | 0 |
_aEnciclopedia Iberoaméricana de Filosofía _v18 _915735 |
|
| 910 | _aValidado. Control de calidad MFF | ||
| 999 |
_c41162 _d41162 |
||